| 000 | 01136cam a2200313 a 4500 | ||
|---|---|---|---|
| 999 |
_c8923 _d8923 |
||
| 001 | 8923 | ||
| 003 | BD-JhCC | ||
| 005 | 20180305183912.0 | ||
| 008 | 890831s1989 caua b 001 0 eng | ||
| 020 | _a0155515799 | ||
| 035 | _a(BD-JhCC)8923 | ||
| 040 |
_aDLC _cDLC _dDLC _dBD-JhCC |
||
| 041 | _aeng | ||
| 050 | 0 | 0 |
_aCB69 _b.M25 1989 |
| 082 | 0 | 0 |
_a909 _220 _bThe 1989 |
| 245 | 0 | 4 |
_aThe Mainstream of civilization / _cStanley Chodorow ... [et al.]. |
| 250 | _a5th ed. | ||
| 260 |
_aSan Diego : _bHarcourt Brace Jovanovich, _cc1989. |
||
| 300 |
_axxiv, 1080, xii p. : _bill. (some col.) ; _c27 cm. |
||
| 500 | _aRev. ed. of: The mainstream of civilization / Joseph R. Strayer, Hans W. Gatzke. 4th ed. c1984. | ||
| 504 | _aIncludes bibliographical references. | ||
| 520 | _aTraces the history of the world's major civilizations, discussing their special characteristics and contributions. | ||
| 650 | 0 |
_aCivilization _xHistory. |
|
| 650 | 1 |
_aCivilization _xHistory. |
|
| 700 | 1 | _aChodorow, Stanley. | |
| 700 | 1 |
_aStrayer, Joseph R. _q(Joseph Reese), _d1904-1987. _tMainstream of civilization. |
|
| 942 |
_2ddc _cBK |
||